Welcome to CU Library Online Public Access Catalogue (OPAC)

Prealgebra : (Record no. 1245)

MARC details
000 -LEADER
fixed length control field 00721cam a2200217 i 4500
001 - CONTROL NUMBER
control field 23192927
005 - DATE AND TIME OF LATEST TRANSACTION
control field 20241115120604.0
008 - FIXED-LENGTH DATA ELEMENTS--GENERAL INFORMATION
fixed length control field 230620s2008 scua 001 0 eng
020 ## - INTERNATIONAL STANDARD BOOK NUMBER
International Standard Book Number 9781932628258
Qualifying information (paperback)
020 ## - INTERNATIONAL STANDARD BOOK NUMBER
International Standard Book Number 9781932628302
Qualifying information (bundle)
050 00 - LIBRARY OF CONGRESS CALL NUMBER
Classification number QA107.2
Item number .W753 2008
100 1# - MAIN ENTRY--PERSONAL NAME
Personal name Wright, D. Franklin,
Relator term author.
245 10 - TITLE STATEMENT
Title Prealgebra :
Remainder of title a worktext /
Statement of responsibility, etc. D. Franklin Wright, Cerritos College.
250 ## - EDITION STATEMENT
Edition statement Fourth edition.
260 ## - PUBLICATION, DISTRIBUTION, ETC.
Place of publication, distribution, etc. Charleston
Name of publisher, distributor, etc. Hawkes Learning Systems
Date of publication, distribution, etc. 2008
300 ## - PHYSICAL DESCRIPTION
Extent 1 volume (various pagings) :
Other physical details illustrations (chiefly color) ;
Dimensions 28 cm
500 ## - GENERAL NOTE
General note Includes index.
650 #0 - SUBJECT ADDED ENTRY--TOPICAL TERM
Topical term or geographic name entry element Arithmetic
Form subdivision Textbooks.
650 #0 - SUBJECT ADDED ENTRY--TOPICAL TERM
Topical term or geographic name entry element Algebra
Form subdivision Textbooks.
942 ## - ADDED ENTRY ELEMENTS (KOHA)
Source of classification or shelving scheme Library of Congress Classification
Koha item type Books
Edition 4th Ed.
Suppress in OPAC No
999 ## -
-- 1245
-- 1245
Holdings
Withdrawn status Lost status Source of classification or shelving scheme Damaged status Not for loan Collection Home library Current library Shelving location Date acquired Total checkouts Full call number Barcode Date last seen Copy number Price effective from Koha item type
    Library of Congress Classification     Non-fiction Science Library (Miotso) Science Library (Miotso) General stacks 11/15/2024   QA152.3 .W74 WRI SLM00000612 11/15/2024 1 11/15/2024 Books
© 2023-2024 Copyright: Central University Libraries. All Rights Reserved | Created by: Mahone Tech Office